<?xml version="1.0" encoding="UTF-8"?><?xml-stylesheet type="text/xsl" href="static/style.xsl"?><OAI-PMH xmlns="http://www.openarchives.org/OAI/2.0/" xmlns:xsi="http://www.w3.org/2001/XMLSchema-instance" xsi:schemaLocation="http://www.openarchives.org/OAI/2.0/ http://www.openarchives.org/OAI/2.0/OAI-PMH.xsd"><responseDate>2026-04-27T08:02:37Z</responseDate><request verb="GetRecord" identifier="oai:repisalud.isciii.es:20.500.12105/23831" metadataPrefix="marc">https://repisalud.isciii.es/rest/oai/request</request><GetRecord><record><header><identifier>oai:repisalud.isciii.es:20.500.12105/23831</identifier><datestamp>2024-11-29T00:42:14Z</datestamp><setSpec>com_20.500.12105_15322</setSpec><setSpec>com_20.500.12105_2051</setSpec><setSpec>col_20.500.12105_16967</setSpec></header><metadata><record xmlns="http://www.loc.gov/MARC21/slim" xmlns:dcterms="http://purl.org/dc/terms/" xmlns:doc="http://www.lyncode.com/xoai" xmlns:xsi="http://www.w3.org/2001/XMLSchema-instance" xsi:schemaLocation="http://www.loc.gov/MARC21/slim http://www.loc.gov/standards/marcxml/schema/MARC21slim.xsd">
   <leader>00925njm 22002777a 4500</leader>
   <datafield ind2=" " ind1=" " tag="042">
      <subfield code="a">dc</subfield>
   </datafield>
   <datafield ind2=" " ind1=" " tag="720">
      <subfield code="a">González-Moreno, Juan</subfield>
      <subfield code="e">author</subfield>
   </datafield>
   <datafield ind2=" " ind1=" " tag="720">
      <subfield code="a">Gragera-Martínez, Álvaro</subfield>
      <subfield code="e">author</subfield>
   </datafield>
   <datafield ind2=" " ind1=" " tag="720">
      <subfield code="a">Rodríguez, Adrián</subfield>
      <subfield code="e">author</subfield>
   </datafield>
   <datafield ind2=" " ind1=" " tag="720">
      <subfield code="a">Borrachero-Garro, Cristina</subfield>
      <subfield code="e">author</subfield>
   </datafield>
   <datafield ind2=" " ind1=" " tag="720">
      <subfield code="a">García-Garrido, Sandra</subfield>
      <subfield code="e">author</subfield>
   </datafield>
   <datafield ind2=" " ind1=" " tag="720">
      <subfield code="a">Barceló, Carles</subfield>
      <subfield code="e">author</subfield>
   </datafield>
   <datafield ind2=" " ind1=" " tag="720">
      <subfield code="a">Manovel-Sánchez, Ana</subfield>
      <subfield code="e">author</subfield>
   </datafield>
   <datafield ind2=" " ind1=" " tag="720">
      <subfield code="a">Ribot-Sansó, Maria Antonia</subfield>
      <subfield code="e">author</subfield>
   </datafield>
   <datafield ind2=" " ind1=" " tag="720">
      <subfield code="a">Ibargüen-González, Lesly</subfield>
      <subfield code="e">author</subfield>
   </datafield>
   <datafield ind2=" " ind1=" " tag="720">
      <subfield code="a">Gomila, Rosa</subfield>
      <subfield code="e">author</subfield>
   </datafield>
   <datafield ind2=" " ind1=" " tag="720">
      <subfield code="a">Muñoz-Beamud, Francisco</subfield>
      <subfield code="e">author</subfield>
   </datafield>
   <datafield ind2=" " ind1=" " tag="720">
      <subfield code="a">Losada-López, Inés</subfield>
      <subfield code="e">author</subfield>
   </datafield>
   <datafield ind2=" " ind1=" " tag="720">
      <subfield code="a">Cisneros-Barroso, Eugenia</subfield>
      <subfield code="e">author</subfield>
   </datafield>
   <datafield ind2=" " ind1=" " tag="260">
      <subfield code="c">2024-01-05</subfield>
   </datafield>
   <datafield ind2=" " ind1=" " tag="520">
      <subfield code="a">Early identification of ATTRv amyloidosis disease onset is still often delayed due to the lack of validated biomarkers of this disease. Light chain neurofilament (NfL) have shown promising results in early diagnosis in this disease, but data is still needed, including with alternative measuring methods. Our aim was to study the levels of NfL measured by ELISA. Furthermore, interstitial matrix metalloproteinase type 1 (MMP-1) serum levels were measured as a potential new biomarker in ATTRv. Serum NfL and MMP-1 were measured using ELISA assays in 90 participants (29 ATTR-V30M patients, 31 asymptomatic V30M-TTR variant carriers and 30 healthy controls). Median NfL levels among ATTRv amyloidosis patients were significantly higher (116�pg/mL vs 0�pg/mL in both comparison groups). The AUC comparing ATTRv amyloidosis patients and asymptomatic carriers was 0.90 and the NfL concentration of 93.55�pg/mL yielded a sensitivity of 79% and a specificity of 87%. NfL levels had a significant positive correlation with NIS values among patients. We found a negative significant correlation between eGFR and NfL levels. Finally, MMP1 levels were not different between groups. Evidence of NfL use for early diagnosis of ATTR-PN amyloidosis is growing. ELISA seems a reliable and available technique for it quantification. Decreased GFR could influence NfL plasma levels.</subfield>
   </datafield>
   <datafield ind1="8" ind2=" " tag="024">
      <subfield code="a">González-Moreno J, Gragera-Martínez Á, Rodríguez A, Borrachero-Garro C, García-Garrido S, Barceló C, et al. Biomarkers of axonal damage to favor early diagnosis in variant transthyretin amyloidosis (A-ATTRv). Sci Rep. 2024 Jan 5;14(1):581.</subfield>
   </datafield>
   <datafield ind1="8" ind2=" " tag="024">
      <subfield code="a">https://hdl.handle.net/20.500.13003/20128</subfield>
   </datafield>
   <datafield ind1="8" ind2=" " tag="024">
      <subfield code="a">https://hdl.handle.net/20.500.12105/23831</subfield>
   </datafield>
   <datafield ind1="8" ind2=" " tag="024">
      <subfield code="a">38182630</subfield>
   </datafield>
   <datafield ind1="8" ind2=" " tag="024">
      <subfield code="a">10.1038/s41598-023-50212-2</subfield>
   </datafield>
   <datafield ind1="8" ind2=" " tag="024">
      <subfield code="a">10.1038/s41598-023-50212-2</subfield>
   </datafield>
   <datafield ind1="8" ind2=" " tag="024">
      <subfield code="a">2045-2322</subfield>
   </datafield>
   <datafield ind1="8" ind2=" " tag="024">
      <subfield code="a">Scientific reports</subfield>
   </datafield>
   <datafield ind1="8" ind2=" " tag="024">
      <subfield code="a">2-s2.0-85181486276</subfield>
   </datafield>
   <datafield ind1="8" ind2=" " tag="024">
      <subfield code="a">L643184481</subfield>
   </datafield>
   <datafield ind2="0" ind1="0" tag="245">
      <subfield code="a">Biomarkers of axonal damage to favor early diagnosis in variant transthyretin amyloidosis (A-ATTRv)</subfield>
   </datafield>
</record></metadata></record></GetRecord></OAI-PMH>